Réal Madrid Quiz - Statistiques

Statistiques générales
  • Ce quiz a été pris 112 fois
  • Le résultat moyen est 9 sur 16
Statistiques - réponses
Questions Réponses % Correct
Qui est le capitaine actuel de ce club ? Luka Modric
94%
Combien de Ligue des champions a ce club ? 15
89%
Qui est le meilleur buteur de ce club ? Cristiano Ronaldo (450)
89%
Qui est l’entraîneur de ce club ? Carlo Ancelotti
85%
Qui est la légende de ce club ? Cristiano Ronaldo
80%
Qui est le joueur le plus cher de ce club ? Kylian Mbappé / Vinicius Jr / Jude Bellingham
80%
Quel est le plus gros transfert de ce club ? 115 M (Eden Hazard)
68%
Qui est le meilleur passeur de ce club ? Karim Benzema (152)
68%
En quelle année a été crée le club ? 1902
67%
Quel est le nom du stade de ce club ? Stade Santiago Bernabéu
65%
Qui est le joueur le plus capé de ce club ? Raúl (741)
61%
Combien de trophées a ce club ? 100
36%
Quelles sont les couleurs primaires de ce club ? Blanc et Jaune
33%
Quelle est la plus grande victoire de ce club ? 11 : 1 (Contre Barcelone 1942)
23%
Quelle est la plus grande defaite de ce club ? 8 : 1 (Contre Espanyol 1929)
2%
Combien vaut ce club ? 1,36 mrd €
0%
Aucun quiz correspondant
Distribution des résultats
% des personnes avec chaque résultat
Percentile par nombre de réponses
Votre historique - résultats
Vous n’avez pas pris ce quiz